[Event "GER-ch 65th"]
[Site "Bad Wildbad"]
[Date "1993.??.??"]
[Round "4"]
[White "Gutman, Lev"]
[Black "Paehtz, Thomas Sr"]
[Result "1/2-1/2"]
[WhiteElo "2450"]
[BlackElo "2470"]
[EventDate "1993.11.??"]
[PlyCount "62"]

1. Nf3 Nf6 2. g3 g6 3. Bg2 Bg7 4. O-O O-O 5. d4 d6 6. c4 Nbd7 7. Nc3 e5 8. h3 Re8 9. dxe5 Nxe5 10. Nxe5 dxe5 11. Qxd8 Rxd8 12. Bg5 Rd4 13. Rfd1 c6 14. Be3 Rxd1+ 15. Rxd1 Be6 16. b3 Bf8 17. Ne4 Nd7 18. g4 f5 19. gxf5 gxf5 20. Bc1 Nc5 21. Nxc5 Bxc5 22. Bf3 Kf7 23. Bh5+ Kf6 24. e3 Bb6 25. Bb2 Rd8 26. Rxd8 Bxd8 27. f4 Bc7 28. Kf2 Bg8 29. Be2 Ke6 30. Kg3 exf4+ 31. exf4 Bd8 1/2-1/2

[Event "GER-ch 65th"]
[Site "Bad Wildbad"]
[Date "1993.??.??"]
[Round "4"]
[White "Haag, Martin"]
[Black "Michaelsen, Nils"]
[Result "1/2-1/2"]
[WhiteElo "2290"]
[BlackElo "2435"]
[EventDate "1993.11.??"]
[PlyCount "34"]

1. c4 Nf6 2. Nc3 c5 3. Nf3 e6 4. e3 d5 5. d4 Nc6 6. a3 a6 7. dxc5 Bxc5 8. b4 Ba7 9. Bb2 O-O 10. Qc2 Qe7 11. Rd1 Rd8 12. Be2 dxc4 13. Rxd8+ Nxd8 14. Ne4 Nxe4 15. Qxe4 Bd7 16. Bxc4 Rc8 17. Bb3 Nc6 1/2-1/2

[Event "GER-ch 65th"]
[Site "Bad Wildbad"]
[Date "1993.??.??"]
[Round "4"]
[White "Kindl, Peter"]
[Black "Knuth, Hannes"]
[Result "1/2-1/2"]
[WhiteElo "2335"]
[BlackElo "2360"]
[EventDate "1993.11.??"]
[PlyCount "86"]

1. d4 Nf6 2. Nf3 g6 3. c4 Bg7 4. Nc3 O-O 5. e4 d6 6. Be2 e5 7. O-O Nc6 8. d5 Ne7 9. b4 Nh5 10. c5 Nf4 11. Bxf4 exf4 12. Rc1 h6 13. Nd2 g5 14. Nc4 a6 15. Na4 Rb8 16. cxd6 cxd6 17. Nab6 Ng6 18. Bg4 Bxg4 19. Qxg4 Ne5 20. Nxe5 Bxe5 21. Nc4 Bg7 22. g3 f5 23. exf5 Qd7 24. Rfd1 Rbd8 25. Qe2 Rde8 26. Qd3 b5 27. Na5 fxg3 28. hxg3 Qxf5 29. Qxf5 Rxf5 30. Rc2 h5 31. Nc6 Kh7 32. Kf1 h4 33. Re2 Rxe2 34. Kxe2 hxg3 35. fxg3 g4 36. Rd3 Rh5 37. Ke3 Bh6+ 38. Ke4 Kg7 39. Ra3 Kf6 40. Rxa6 Rh1 41. a4 Re1+ 42. Kd4 Rd1+ 43. Ke4 Re1+ 1/2-1/2

[Event "GER-ch 65th"]
[Site "Bad Wildbad"]
[Date "1993.??.??"]
[Round "4"]
[White "Maiwald, Jens Uwe"]
[Black "Hickl, Joerg"]
[Result "1/2-1/2"]
[WhiteElo "2430"]
[BlackElo "2570"]
[EventDate "1993.11.??"]
[PlyCount "91"]

1. d4 d6 2. Nf3 Bg4 3. e4 Nf6 4. Nc3 e6 5. h3 Bh5 6. Qe2 c6 7. g4 Bg6 8. h4 h5 9. g5 Nfd7 10. Bh3 Be7 11. Be3 Qa5 12. O-O Qa6 13. Nd2 d5 14. f3 Bb4 15. Qxa6 Nxa6 16. Ne2 Bxd2 17. Bxd2 dxe4 18. Nf4 Nf8 19. Nxg6 Nxg6 20. fxe4 O-O 21. c4 Nxh4 22. Bc3 Rad8 23. Rad1 Rfe8 24. b4 b5 25. cxb5 cxb5 26. Be1 Ng6 27. Rf3 Nb8 28. Rc3 Nd7 29. Bg3 e5 30. Rc7 Ndf8 31. d5 Nh7 32. Rxa7 Nxg5 33. Bf1 Nxe4 34. Bxb5 Rf8 35. Be1 Nf4 36. Bc6 Rd6 37. b5 Rb8 38. Ra8 Rxa8 39. Bxa8 Ne2+ 40. Kf1 N2c3 41. Rc1 Nxb5 42. a4 Nd4 43. a5 Rf6+ 44. Kg2 Rg6+ 45. Kf1 Rf6+ 46. Kg2 1/2-1/2

[Event "GER-ch 65th"]
[Site "Bad Wildbad"]
[Date "1993.??.??"]
[Round "4"]
[White "Muse, Mladen"]
[Black "Braeuning, Rudolf Wilhelm"]
[Result "1-0"]
[WhiteElo "2485"]
[BlackElo "2305"]
[EventDate "1993.11.??"]
[PlyCount "80"]

1. d4 e6 2. Nf3 Nf6 3. c4 d5 4. Nc3 c6 5. Qb3 dxc4 6. Qxc4 b5 7. Qb3 Nbd7 8. g3 b4 9. Na4 Qa5 10. Qd1 Ba6 11. b3 Be7 12. Bg2 O-O 13. O-O Rac8 14. a3 bxa3 15. Nd2 Nd5 16. Nb1 Rfd8 17. Nxa3 c5 18. Nc4 Bxc4 19. bxc4 Nb4 20. Bf4 cxd4 21. Bb7 Rxc4 22. Nb2 Qb5 23. Nxc4 Qxb7 24. Qb1 Qd5 25. Rc1 Qh5 26. Rxa7 Nd5 27. Bc7 Rf8 28. Ba5 N7f6 29. Qd3 Ng4 30. h4 g5 31. Nb6 Nxb6 32. Bxb6 gxh4 33. Rxe7 Ne5 34. Rc5 Qg5 35. Rxe5 Qxe5 36. Bxd4 Qg5 37. Rd7 h3 38. Kh2 e5 39. Bc5 Re8 40. Be3 Qf6 1-0

[Event "GER-ch 65th"]
[Site "Bad Wildbad"]
[Date "1993.??.??"]
[Round "4"]
[White "Nagendra, Rentala"]
[Black "Beikert, Guenther"]
[Result "1-0"]
[WhiteElo "2315"]
[BlackElo "2415"]
[EventDate "1993.11.??"]
[PlyCount "109"]

1. d4 Nf6 2. c4 e6 3. Nf3 Bb4+ 4. Bd2 Qe7 5. Nc3 Bxc3 6. Bxc3 Ne4 7. Qc2 f5 8. g3 O-O 9. Bg2 d6 10. O-O a5 11. b3 Nxc3 12. Qxc3 Nd7 13. e3 e5 14. a3 e4 15. Nd2 Nf6 16. f3 b6 17. fxe4 fxe4 18. d5 Bd7 19. Qd4 Rae8 20. Rf4 Qe5 21. Qxe5 Rxe5 22. Rd1 Rfe8 23. Nb1 Ng4 24. Re1 g5 25. Rff1 b5 26. h3 Nh6 27. g4 Kg7 28. Nc3 b4 29. axb4 axb4 30. Ne2 Ra8 31. Ra1 Ree8 32. Ng3 Ra3 33. Nh5+ Kh8 34. Nf6 Re7 35. Rxa3 bxa3 36. Ra1 c5 37. Rxa3 Kg7 38. Nxe4 Nf7 39. Ra7 h6 40. Kf2 Kf8 41. Ke1 Bc8 42. Ra8 Re8 43. Kd2 Ke7 44. Kc3 Ne5 45. Ng3 Bd7 46. Rxe8+ Kxe8 47. Be4 Ke7 48. b4 cxb4+ 49. Kxb4 Bc8 50. c5 dxc5+ 51. Kxc5 Kf6 52. Kd6 Nc4+ 53. Kc7 Bxg4 54. hxg4 Ke5 55. Bh1 1-0

[Event "GER-ch 65th"]
[Site "Bad Wildbad"]
[Date "1993.??.??"]
[Round "4"]
[White "Raupp, Thomas"]
[Black "Guenthner, Oliver"]
[Result "1/2-1/2"]
[WhiteElo "2360"]
[BlackElo "2260"]
[EventDate "1993.11.??"]
[PlyCount "126"]

1. c4 e5 2. Nc3 Nf6 3. Nf3 d6 4. d4 Nbd7 5. g3 c6 6. Bg2 g6 7. O-O Bg7 8. e4 O-O 9. h3 Qe7 10. Re1 a5 11. Be3 h6 12. Qc2 exd4 13. Nxd4 Nc5 14. Rad1 Re8 15. Nb3 Nfd7 16. Nxc5 dxc5 17. f4 Nb6 18. b3 a4 19. e5 axb3 20. axb3 Bf8 21. Qf2 Nd7 22. Ne4 Ra3 23. Qb2 Ra8 24. Rd3 Bg7 25. Qf2 f6 26. exf6 Nxf6 27. Bxc5 Nxe4 28. Rxe4 Qf7 29. Rxe8+ Qxe8 30. Re3 Qd8 31. Qe2 Bf5 32. Kh2 Qa5 33. Re8+ Rxe8 34. Qxe8+ Kh7 35. Qe7 Qd2 36. Qe3 Qxe3 37. Bxe3 Bc2 38. b4 Bd3 39. b5 Bxc4 40. bxc6 bxc6 41. Bxc6 h5 42. Kg2 Be6 43. Bb5 Bc3 44. Bf1 Bd5+ 45. Kf2 Kg7 46. Bb6 Bd2 47. Bd4+ Kh7 48. Be5 Bb4 49. Bf6 Bc5+ 50. Ke1 Bb4+ 51. Kd1 Bb3+ 52. Kc1 Be1 53. Kb2 Ba4 54. g4 hxg4 55. hxg4 Bd7 56. Be2 Be6 57. Kc2 Kg8 58. Kd3 Kf7 59. Bb2 Ba5 60. Ke4 Bb3 61. Bd3 Be6 62. f5 gxf5+ 63. gxf5 Bxf5+ 1/2-1/2

[Event "GER-ch 65th"]
[Site "Bad Wildbad"]
[Date "1993.??.??"]
[Round "4"]
[White "Renner, Christoph"]
[Black "Schwarz, Michael"]
[Result "1-0"]
[WhiteElo "2385"]
[BlackElo "2405"]
[EventDate "1993.11.??"]
[PlyCount "141"]

1. e4 c5 2. d3 Nc6 3. g3 d5 4. exd5 Qxd5 5. Nf3 Nd4 6. Bg2 Bh3 7. O-O Bxg2 8. Kxg2 Nf6 9. Be3 e6 10. Re1 Nxf3 11. Qxf3 O-O-O 12. Nc3 Qxf3+ 13. Kxf3 Nd5 14. Nxd5 Rxd5 15. Bf4 Be7 16. Be5 f6 17. Bc3 e5 18. h4 Kc7 19. Re4 b5 20. b3 Kc6 21. a4 b4 22. Bb2 Bd6 23. h5 f5 24. Re3 Rf8 25. Kg2 f4 26. Re4 fxg3 27. fxg3 Kd7 28. Rf1 Rxf1 29. Kxf1 Ke6 30. Ke2 Be7 31. Bc1 h6 32. Rg4 Bg5 33. Bb2 Rd7 34. Re4 Bf6 35. Kf3 Kf5 36. Rc4 Rd5 37. g4+ Ke6 38. Ke4 Bg5 39. c3 bxc3 40. Bxc3 Be7 41. Bb2 Bf6 42. Rc2 Bg5 43. Rf2 Bf4 44. Rc2 Bg5 45. Rc4 Bf6 46. Bc3 Be7 47. Be1 Rd8 48. Bf2 Rf8 49. Be3 Rf1 50. Rc1 Rxc1 51. Bxc1 a6 52. Be3 Bd6 53. Bf2 Be7 54. Be1 Bd8 55. Bc3 Bc7 56. b4 cxb4 57. Bxb4 Bd8 58. Bc5 Bc7 59. Bf2 Ba5 60. d4 exd4 61. Bxd4 Kf7 62. Kd5 Bd2 63. Kc6 g6 64. Kb6 gxh5 65. gxh5 a5 66. Kb5 Ke6 67. Bb6 Kf5 68. Bxa5 Be3 69. Bb4 Ke4 70. a5 Kd5 71. a6 1-0

[Event "GER-ch 65th"]
[Site "Bad Wildbad"]
[Date "1993.??.??"]
[Round "4"]
[White "Seils, Joerg"]
[Black "Niermann, Michael"]
[Result "1-0"]
[WhiteElo "2355"]
[BlackElo "2215"]
[EventDate "1993.11.??"]
[PlyCount "79"]

1. e4 c6 2. d4 d5 3. Nc3 dxe4 4. Nxe4 Nf6 5. Nxf6+ gxf6 6. c3 Bf5 7. Nf3 e6 8. Bf4 Bd6 9. Qd2 Qc7 10. Bxd6 Qxd6 11. O-O-O Nd7 12. Bd3 Bg4 13. Be2 O-O-O 14. h3 Bh5 15. Kb1 Rhg8 16. g3 Qd5 17. Qf4 Bg6+ 18. Ka1 Qe4 19. Qd2 Nc5 20. Nh4 Qd5 21. c4 Qd6 22. Qe3 Nd7 23. Bf3 Kb8 24. Qc3 Qc7 25. Rhe1 c5 26. d5 Ne5 27. Bh1 Rge8 28. f4 Nd7 29. a3 f5 30. d6 Qb6 31. Rd3 Qa6 32. Nf3 Bh5 33. Ne5 Ka8 34. b4 cxb4 35. Qxb4 Nxe5 36. fxe5 Rd7 37. Rb3 Rc8 38. c5 Bg6 39. Reb1 Rb8 40. c6 1-0

[Event "GER-ch 65th"]
[Site "Bad Wildbad"]
[Date "1993.??.??"]
[Round "4"]
[White "Sieglen, Joachim"]
[Black "Siepelt, Heiner"]
[Result "1/2-1/2"]
[WhiteElo "2415"]
[BlackElo "2320"]
[EventDate "1993.11.??"]
[PlyCount "87"]

1. c4 g6 2. d4 Nf6 3. Nc3 Bg7 4. e4 d6 5. Be2 O-O 6. Nf3 e5 7. O-O exd4 8. Nxd4 Re8 9. f3 c6 10. Re1 Nbd7 11. Bf1 Nh5 12. Be3 Ne5 13. Qd2 f5 14. Rad1 Qf6 15. exf5 gxf5 16. Bg5 Qf7 17. f4 Ng6 18. Rxe8+ Qxe8 19. Be2 Nf6 20. Bd3 Ne4 21. Bxe4 fxe4 22. f5 Bxd4+ 23. Qxd4 Bxf5 24. Qxd6 Qe5 25. Qxe5 Nxe5 26. b3 Nd3 27. Rf1 Bg6 28. Be3 a6 29. Bh6 Re8 30. h3 b5 31. cxb5 axb5 32. Rf6 b4 33. Ne2 c5 34. Ra6 Rc8 35. Ra7 c4 36. bxc4 Rxc4 37. Rg7+ Kh8 38. Rb7 Kg8 39. Rg7+ Kh8 40. Rb7 Kg8 41. Ra7 e3 42. Ng3 Rc1+ 43. Kh2 Rc2 44. Rg7+ 1/2-1/2

[Event "GER-ch 65th"]
[Site "Bad Wildbad"]
[Date "1993.??.??"]
[Round "4"]
[White "Uhlmann, Wolfgang"]
[Black "Menacher, Manfred"]
[Result "1-0"]
[WhiteElo "2510"]
[BlackElo "2280"]
[EventDate "1993.11.??"]
[PlyCount "61"]

1. c4 c5 2. Nf3 Nc6 3. Nc3 Nf6 4. d4 cxd4 5. Nxd4 Qb6 6. Nc2 e6 7. e3 Be7 8. Be2 O-O 9. O-O Rd8 10. e4 d6 11. b3 Bd7 12. Bf4 Be8 13. Qd2 Rd7 14. Rfd1 Qd8 15. Ne3 Rc8 16. h3 d5 17. exd5 Bb4 18. Qc2 Ne7 19. dxe6 fxe6 20. Rxd7 Qxd7 21. Rd1 Qc6 22. Bf3 Qa6 23. Ne4 Nfd5 24. Nxd5 exd5 25. Ng5 Bg6 26. Qe2 dxc4 27. bxc4 h6 28. Bd6 Bxd6 29. Qe6+ Kh8 30. Rxd6 Qa5 31. Rd5 1-0

[Event "GER-ch 65th"]
[Site "Bad Wildbad"]
[Date "1993.??.??"]
[Round "4"]
[White "Vatter, Hans Joachim"]
[Black "Riegler, Dieter"]
[Result "1-0"]
[WhiteElo "2320"]
[BlackElo "2240"]
[EventDate "1993.11.??"]
[PlyCount "83"]

1. e4 c6 2. c4 d5 3. cxd5 cxd5 4. exd5 Nf6 5. Bb5+ Nbd7 6. Nc3 a6 7. Qa4 Rb8 8. Bxd7+ Qxd7 9. Qf4 Ra8 10. Nf3 Nxd5 11. Nxd5 Qxd5 12. O-O e6 13. d4 Be7 14. Re1 Bf6 15. Qg3 Bd7 16. Bf4 h5 17. Be5 h4 18. Qf4 Ke7 19. h3 Rh5 20. Rac1 Rf5 21. Qd2 Bxe5 22. Nxe5 Rd8 23. Rc5 Qd6 24. Nc4 Qf4 25. Ne3 Kf8 26. Rxf5 exf5 27. Qb4+ Kg8 28. Qxb7 Qd6 29. Rd1 f4 30. Nc4 Qe6 31. Qb6 Qe8 32. Ne5 Bb5 33. d5 Rb8 34. Qd4 Be2 35. Re1 Qb5 36. d6 f3 37. gxf3 f6 38. d7 Rd8 39. Rxe2 Qxe2 40. Qd5+ Kh7 41. Nc6 Qe1+ 42. Kg2 1-0

[Event "GER-ch 65th"]
[Site "Bad Wildbad"]
[Date "1993.??.??"]
[Round "4"]
[White "Zeller, Frank"]
[Black "Rausch, Stephan"]
[Result "1/2-1/2"]
[WhiteElo "2290"]
[BlackElo "2315"]
[EventDate "1993.11.??"]
[PlyCount "25"]

1. c4 c6 2. d4 d5 3. Nf3 Nf6 4. Nc3 dxc4 5. a4 Bf5 6. e3 e6 7. Bxc4 Bb4 8. O-O Nbd7 9. Qb3 e5 10. Na2 Be7 11. Qxb7 Rb8 12. Qa6 Ra8 13. Qb7 1/2-1/2

[Event "GER-ch 65th"]
[Site "Bad Wildbad"]
[Date "1993.??.??"]
[Round "4"]
[White "Zude, Arno"]
[Black "Luther, Thomas"]
[Result "1/2-1/2"]
[WhiteElo "2440"]
[BlackElo "2480"]
[EventDate "1993.11.??"]
[PlyCount "45"]

1. e4 e6 2. d4 d5 3. e5 c5 4. c3 Bd7 5. Nf3 Nc6 6. Be2 Nh6 7. O-O cxd4 8. cxd4 Nf5 9. Nc3 Rc8 10. Kh1 Be7 11. g4 Nh4 12. Nxh4 Bxh4 13. Be3 O-O 14. f4 f6 15. Qd2 fxe5 16. fxe5 Be7 17. Rxf8+ Bxf8 18. Rf1 Na5 19. Bd3 Nc4 20. Qf2 Nxe3 21. Qf7+ Kh8 22. Bxh7 Kxh7 23. Qh5+ 1/2-1/2

[Event "GER-ch 65th"]
[Site "Bad Wildbad"]
[Date "1993.??.??"]
[Round "5"]
[White "Beikert, Guenther"]
[Black "Bastian, Herbert"]
[Result "0-1"]
[WhiteElo "2415"]
[BlackElo "2300"]
[EventDate "1993.11.??"]
[PlyCount "58"]

1. d4 Nf6 2. Nf3 g6 3. c3 b6 4. Bg5 Bg7 5. Nbd2 Bb7 6. Qc2 c5 7. e4 cxd4 8. cxd4 O-O 9. Bd3 Nc6 10. Qa4 h6 11. Bh4 Nh5 12. Bg3 d6 13. d5 Ne5 14. Bxe5 dxe5 15. Ba6 Bxa6 16. Qxa6 f5 17. O-O fxe4 18. Nxe4 Qxd5 19. Nfd2 Nf4 20. Rac1 Rfd8 21. Rc7 Rd7 22. Rfc1 Rad8 23. Rxd7 Qxd7 24. Qc4+ Kh7 25. a4 Qg4 26. g3 Ne2+ 27. Kh1 Nxc1 28. Nf6+ exf6 29. Qxg4 Rxd2 0-1

[Event "GER-ch 65th"]
[Site "Bad Wildbad"]
[Date "1993.??.??"]
[Round "5"]
[White "Bezold, Michael"]
[Black "Maiwald, Jens Uwe"]
[Result "1/2-1/2"]
[WhiteElo "2490"]
[BlackElo "2430"]
[EventDate "1993.11.??"]
[PlyCount "21"]

1. e4 e6 2. d4 d5 3. Nc3 dxe4 4. Nxe4 Bd7 5. Nf3 Bc6 6. Bd3 Nd7 7. O-O Ngf6 8. Nxf6+ Nxf6 9. c3 Bxf3 10. Qxf3 c6 11. Re1 1/2-1/2

[Event "GER-ch 65th"]
[Site "Bad Wildbad"]
[Date "1993.??.??"]
[Round "5"]
[White "Guenthner, Oliver"]
[Black "Uhlmann, Wolfgang"]
[Result "1/2-1/2"]
[WhiteElo "2260"]
[BlackElo "2510"]
[EventDate "1993.11.??"]
[PlyCount "83"]

1. Nf3 Nf6 2. g3 g6 3. c4 Bg7 4. Bg2 d6 5. Nc3 e5 6. d3 O-O 7. O-O Nh5 8. e4 Nc6 9. Bg5 f6 10. Be3 Be6 11. h3 Ne7 12. Nd5 c6 13. Nxe7+ Qxe7 14. Ne1 Qf7 15. Kh2 f5 16. b3 d5 17. Bc5 Rfd8 18. cxd5 cxd5 19. Qe2 b6 20. Ba3 Rac8 21. Nf3 fxe4 22. dxe4 d4 23. Ng5 Qf6 24. Nxe6 Qxe6 25. Qd2 Bf8 26. Bxf8 Rxf8 27. Rac1 Nf6 28. f4 Rxc1 29. Qxc1 exf4 30. Qxf4 Nd7 31. Qc7 d3 32. Rxf8+ Kxf8 33. Bf1 d2 34. Qf4+ Ke7 35. Qxd2 Qxe4 36. Bg2 Qe5 37. Qh6 Nf8 38. Qh4+ Kf7 39. Qa4 Qe7 40. Qa6 Kg7 41. Bd5 h5 42. Qc4 1/2-1/2

[Event "GER-ch 65th"]
[Site "Bad Wildbad"]
[Date "1993.??.??"]
[Round "5"]
[White "Knuth, Hannes"]
[Black "Muse, Mladen"]
[Result "1-0"]
[WhiteElo "2360"]
[BlackElo "2485"]
[EventDate "1993.11.??"]
[PlyCount "83"]

1. d4 Nf6 2. c4 g6 3. Nc3 Bg7 4. Nf3 O-O 5. e4 d6 6. Be2 c5 7. d5 e5 8. Bg5 h6 9. Bh4 Qe8 10. Nd2 Nh7 11. g4 Bf6 12. Bxf6 Nxf6 13. Nf1 Bd7 14. h4 Kg7 15. Ne3 Na6 16. Qd2 Rh8 17. O-O-O Nc7 18. Rdg1 a6 19. g5 hxg5 20. hxg5 Nh7 21. Nf5+ gxf5 22. g6 Nf6 23. Rh7+ Nxh7 24. gxf7+ Kxf7 25. Bh5+ Ke7 26. Bxe8 Nxe8 27. Qh6 Kd8 28. f4 Kc7 29. fxe5 dxe5 30. d6+ Kb6 31. Nd5+ Ka7 32. exf5 Rd8 33. b4 Bc6 34. bxc5 Bxd5 35. cxd5 Nef6 36. Rg7 Rc8 37. c6 Nxd5 38. Rxb7+ Ka8 39. d7 Nhf6 40. dxc8=Q+ Rxc8 41. Qg7 Rxc6+ 42. Kb2 1-0

[Event "GER-ch 65th"]
[Site "Bad Wildbad"]
[Date "1993.??.??"]
[Round "5"]
[White "Kostadinov, Atanas"]
[Black "Lochte, Thomas"]
[Result "1/2-1/2"]
[WhiteElo "2245"]
[BlackElo "2265"]
[EventDate "1993.11.??"]
[PlyCount "122"]

1. c4 e5 2. g3 Nf6 3. Bg2 c6 4. Nf3 e4 5. Nd4 d5 6. cxd5 Qxd5 7. Nc2 Qh5 8. h3 Bc5 9. Nc3 O-O 10. Nxe4 Nxe4 11. Bxe4 Re8 12. Bg2 Bf5 13. g4 Qh4 14. O-O Bg6 15. Ne1 Na6 16. d4 Rad8 17. e3 Bb6 18. Nf3 Qe7 19. Ne5 Bc7 20. Nxg6 hxg6 21. Bd2 g5 22. b4 Nxb4 23. Bxb4 Qxb4 24. Qf3 Qd6 25. Rfd1 Qh2+ 26. Kf1 Rd6 27. Bh1 Rf6 28. Qg2 Rxe3 29. Qxh2 Bxh2 30. Kg2 Re2 31. Kxh2 Rfxf2+ 32. Kg3 Rf4 33. d5 Re3+ 34. Kh2 cxd5 35. Rd2 d4 36. Rad1 d3 37. Rxd3 Rf2+ 38. Kg1 Rxd3 39. Rxd3 Rxa2 40. Rd8+ Kh7 41. Rd7 b5 42. Rxf7 b4 43. Be4+ Kg8 44. Rb7 Ra1+ 45. Kf2 a5 46. Bd5+ Kf8 47. Rf7+ Ke8 48. Rxg7 a4 49. Rb7 b3 50. Ke3 a3 51. Bf7+ Kf8 52. Bxb3 a2 53. Rf7+ Ke8 54. Bxa2 Rxa2 55. Rf1 Ke7 56. h4 gxh4 57. Kf4 Kf6 58. Rb1 Ra4+ 59. Kf3 Ra3+ 60. Kf4 Ra4+ 61. Kf3 Ra3+ 1/2-1/2

[Event "GER-ch 65th"]
[Site "Bad Wildbad"]
[Date "1993.??.??"]
[Round "5"]
[White "Luther, Thomas"]
[Black "Espig, Lutz"]
[Result "1-0"]
[WhiteElo "2480"]
[BlackElo "2455"]
[EventDate "1993.11.??"]
[PlyCount "117"]

1. e4 c5 2. Nf3 e6 3. d4 cxd4 4. Nxd4 a6 5. Bd3 Nf6 6. O-O Qc7 7. Qe2 d6 8. c4 g6 9. Nc3 Bg7 10. Nf3 O-O 11. Rd1 b6 12. Bf4 Ng4 13. Rac1 Bb7 14. Bb1 Ne5 15. b3 Re8 16. Be3 Nxf3+ 17. Qxf3 Nd7 18. Qe2 Rac8 19. Qd2 Bf8 20. Bf4 Ne5 21. Bg5 Nd7 22. h4 Qb8 23. h5 Bc6 24. hxg6 hxg6 25. Qf4 b5 26. Rd3 bxc4 27. Rf3 f5 28. Rg3 Bg7 29. Bh6 Ne5 30. Bxg7 Kxg7 31. exf5 Rf8 32. Qg5 Rf6 33. Rh3 Rh8 34. Rxh8 Qxh8 35. Ne4 Bxe4 36. Bxe4 exf5 37. Bd5 Qh6 38. Qxh6+ Kxh6 39. f4 Nd3 40. Rxc4 Rf8 41. Rd4 Nc1 42. Rd2 Rc8 43. Bc4 d5 44. Bxa6 Ra8 45. Bb7 Ra7 46. Bxd5 Nxa2 47. Kf2 g5 48. Kg3 Nc3 49. Bf3 Ra3 50. Rd6+ Kg7 51. Rb6 g4 52. Bb7 Ne2+ 53. Kh4 Nxf4 54. Kg5 Ne2 55. Bd5 Ra5 56. Rb7+ Kf8 57. Kf6 Ke8 58. Be6 Kd8 59. Rd7+ 1-0

[Event "GER-ch 65th"]
[Site "Bad Wildbad"]
[Date "1993.??.??"]
[Round "5"]
[White "Menacher, Manfred"]
[Black "Berndt, Klaus"]
[Result "1-0"]
[WhiteElo "2280"]
[BlackElo "2285"]
[EventDate "1993.11.??"]
[PlyCount "65"]

1. e4 e6 2. d4 d5 3. Nc3 Bb4 4. e5 Ne7 5. a3 Bxc3+ 6. bxc3 c5 7. h4 Nbc6 8. h5 h6 9. Qg4 Qa5 10. Bd2 Bd7 11. Qxg7 O-O-O 12. Qf6 Qa4 13. Kd1 cxd4 14. Rh4 Qa5 15. cxd4 Qb6 16. Ne2 Kb8 17. Rh3 Nf5 18. Rb3 Qc7 19. Rab1 Bc8 20. Rd3 Rhg8 21. f3 b6 22. g4 Nfe7 23. Nc3 Ba6 24. Nb5 Qd7 25. a4 Rc8 26. Be2 Ka8 27. Rb2 Na5 28. Bxa5 bxa5 29. Rdb3 Nc6 30. c3 Rb8 31. Qxh6 f5 32. exf6 Bc8 33. Qf4 1-0

[Event "GER-ch 65th"]
[Site "Bad Wildbad"]
[Date "1993.??.??"]
[Round "5"]
[White "Michaelsen, Nils"]
[Black "Renner, Christoph"]
[Result "1/2-1/2"]
[WhiteElo "2435"]
[BlackElo "2385"]
[EventDate "1993.11.??"]
[PlyCount "77"]

1. d4 f5 2. Nf3 Nf6 3. g3 g6 4. Bg2 Bg7 5. b3 O-O 6. Bb2 d6 7. O-O Ne4 8. Nbd2 Nc6 9. c4 e5 10. dxe5 Nxd2 11. Qxd2 dxe5 12. Qd5+ Kh8 13. e4 f4 14. gxf4 exf4 15. Bxg7+ Kxg7 16. e5 Qe7 17. Rfe1 Be6 18. Qe4 Rad8 19. Rad1 Bf5 20. Qe2 Rxd1 21. Rxd1 Re8 22. Nd4 Nxd4 23. Rxd4 c6 24. Rxf4 Qxe5 25. Qxe5+ Rxe5 26. Bf3 Re1+ 27. Kg2 Kf6 28. Rd4 Ke5 29. Rd8 Ra1 30. Rb8 Rxa2 31. Rxb7 c5 32. Rxh7 a5 33. Bc6 Kd4 34. Ba4 Bd3 35. Rd7+ Kc3 36. Rc7 Kd4 37. Rd7+ Kc3 38. Rc7 Kd4 39. Rd7+ 1/2-1/2

[Event "GER-ch 65th"]
[Site "Bad Wildbad"]
[Date "1993.??.??"]
[Round "5"]
[White "Moehring, Guenther"]
[Black "Vatter, Hans Joachim"]
[Result "1/2-1/2"]
[WhiteElo "2345"]
[BlackElo "2320"]
[EventDate "1993.11.??"]
[PlyCount "37"]

1. Nf3 d6 2. d4 Bg4 3. e3 Nd7 4. Be2 Ngf6 5. b3 e6 6. Bb2 c6 7. Nbd2 d5 8. O-O Be7 9. Ne5 Bxe2 10. Qxe2 Nxe5 11. dxe5 Nd7 12. e4 Nc5 13. Rad1 Qa5 14. exd5 cxd5 15. a4 O-O 16. Ba3 Qc7 17. c4 dxc4 18. Bxc5 Qxc5 19. Nxc4 1/2-1/2

[Event "GER-ch 65th"]
[Site "Bad Wildbad"]
[Date "1993.??.??"]
[Round "5"]
[White "Nagendra, Rentala"]
[Black "Haag, Martin"]
[Result "1-0"]
[WhiteElo "2315"]
[BlackElo "2290"]
[EventDate "1993.11.??"]
[PlyCount "83"]

1. e4 c5 2. Nf3 e6 3. d4 cxd4 4. Nxd4 Nf6 5. Nc3 Nc6 6. Ndb5 d6 7. Bf4 e5 8. Bg5 a6 9. Bxf6 gxf6 10. Na3 b5 11. Nd5 Bg7 12. Qh5 Ne7 13. c3 Nxd5 14. exd5 f5 15. g3 O-O 16. Nc2 Qf6 17. a4 bxa4 18. Rxa4 a5 19. Bb5 f4 20. gxf4 Bf5 21. Ne3 Bg6 22. fxe5 dxe5 23. Qe2 e4 24. h4 h5 25. Bc6 Rab8 26. Rxa5 Qe7 27. Rb5 Rxb5 28. Qxb5 Kh7 29. Nc4 f5 30. d6 Qf6 31. d7 f4 32. Nd2 e3 33. Ne4 Qe7 34. f3 Bf6 35. Ng5+ Kh6 36. Ke2 Rd8 37. Rd1 Bxg5 38. Qxg5+ Qxg5 39. hxg5+ Kxg5 40. c4 h4 41. c5 Bf5 42. Ba4 1-0

[Event "GER-ch 65th"]
[Site "Bad Wildbad"]
[Date "1993.??.??"]
[Round "5"]
[White "Niermann, Michael"]
[Black "Zeller, Frank"]
[Result "1-0"]
[WhiteElo "2215"]
[BlackElo "2290"]
[EventDate "1993.11.??"]
[PlyCount "145"]

1. Nf3 d6 2. g3 e5 3. e4 Nc6 4. Bg2 g6 5. d4 Bg4 6. c3 Bg7 7. dxe5 Nxe5 8. h3 Nxf3+ 9. Bxf3 Be6 10. Be3 Qd7 11. Nd2 Nf6 12. g4 h5 13. g5 Ng8 14. h4 Ne7 15. Nb3 c5 16. Qd2 a5 17. Rd1 a4 18. Nc1 a3 19. b3 Nc6 20. Ne2 Rd8 21. Qc1 Bg4 22. Bg2 Ne5 23. f4 Qb5 24. c4 Qb4+ 25. Kf2 Nc6 26. Bf3 Bxf3 27. Kxf3 O-O 28. Bd2 Qb6 29. Bc3 Nd4+ 30. Bxd4 cxd4 31. Qd2 f5 32. exf5 Qc6+ 33. Kg3 Rxf5 34. Nxd4 Bxd4 35. Qxd4 Qc8 36. Rde1 Rf7 37. Qd1 d5 38. cxd5 Qf5 39. Qf3 Rxd5 40. Re8+ Kh7 41. Rhe1 Rd3 42. R1e3 Rd1 43. R8e7 Rg1+ 44. Kf2 Rg4 45. Rxf7+ Qxf7 46. Re4 Qg7 47. Qe2 Qb2 48. Kf3 Qxe2+ 49. Rxe2 Rxh4 50. Re7+ Kg8 51. Re8+ Kf7 52. Ra8 Ke6 53. Rxa3 Kd5 54. Ra5+ Kd4 55. Rb5 Rh3+ 56. Kg2 Rc3 57. Rxb7 Ke4 58. Rb4+ Kf5 59. a4 Kg4 60. f5+ Kxf5 61. a5 Kxg5 62. a6 Rc2+ 63. Kf3 Rc3+ 64. Ke4 Rc8 65. a7 Ra8 66. Rb7 Kg4 67. b4 h4 68. b5 h3 69. b6 h2 70. Rh7 Kg3 71. b7 Re8+ 72. Kd4 Re7 73. b8=Q+ 1-0

[Event "GER-ch 65th"]
[Site "Bad Wildbad"]
[Date "1993.??.??"]
[Round "5"]
[White "Paehtz, Thomas Sr"]
[Black "Zude, Arno"]
[Result "1/2-1/2"]
[WhiteElo "2470"]
[BlackElo "2440"]
[EventDate "1993.11.??"]
[PlyCount "136"]

1. d4 d5 2. c4 e6 3. Nc3 Nf6 4. cxd5 exd5 5. Bg5 Be7 6. e3 c6 7. Bd3 O-O 8. Qc2 Nbd7 9. Nf3 Re8 10. O-O Nf8 11. h3 Ng6 12. Ne5 Nd7 13. Bxe7 Qxe7 14. f4 Ndxe5 15. dxe5 Nf8 16. e4 Qc5+ 17. Qf2 Qxf2+ 18. Kxf2 Ne6 19. Kf3 d4 20. Ne2 c5 21. Rfc1 b6 22. Bb5 Re7 23. Ng3 g6 24. h4 Bb7 25. a4 a5 26. Rh1 h5 27. Nf1 Ng7 28. Bd3 Bc8 29. Nd2 Bg4+ 30. Kf2 Ne6 31. g3 Nd8 32. Be2 Bd7 33. Rhg1 Ne6 34. Nc4 Rb8 35. Nd6 Ng7 36. Bc4 Kf8 37. b3 Bg4 38. Bb5 Be6 39. Rab1 Bg4 40. Ke1 Ne6 41. Kd2 Nc7 42. Bc6 Na6 43. Rgf1 Nb4 44. Bb5 Na2 45. Rbe1 Nc3 46. Bc4 Kg7 47. f5 Rxe5 48. f6+ Kf8 49. Nxf7 Nxe4+ 50. Rxe4 Rxe4 51. Ng5 Re3 52. Nh7+ Ke8 53. f7+ Ke7 54. f8=Q+ Rxf8 55. Rxf8 Bf5 56. Rf7+ Kd6 57. Ng5 Rxg3 58. Rb7 Ke5 59. Re7+ Kf4 60. Re2 Rc3 61. Ke1 d3 62. Ne6+ Kf3 63. Ng5+ Kg4 64. Re3 Kxh4 65. Ne4 Rc2 66. Nd6 Rc1+ 67. Kd2 Rc2+ 68. Ke1 Rc1+ 1/2-1/2

[Event "GER-ch 65th"]
[Site "Bad Wildbad"]
[Date "1993.??.??"]
[Round "5"]
[White "Riegler, Dieter"]
[Black "Rausch, Stephan"]
[Result "0-1"]
[WhiteElo "2240"]
[BlackElo "2315"]
[EventDate "1993.11.??"]
[PlyCount "83"]

1. d4 d5 2. c4 e6 3. Nc3 c6 4. e4 dxe4 5. Nxe4 Nf6 6. Nxf6+ gxf6 7. Nf3 b6 8. Bd3 Bb7 9. O-O Bd6 10. Re1 Nd7 11. Bd2 Qe7 12. Nh4 Nf8 13. Nf5 Qc7 14. g3 O-O-O 15. Nxd6+ Qxd6 16. d5 cxd5 17. Bf4 e5 18. Bf5+ Kb8 19. Bh6 Ne6 20. cxd5 Nd4 21. Be4 f5 22. Bg2 Qxh6 23. Rxe5 Nb5 24. Rxf5 Nd6 25. Rf4 Qg7 26. Qb3 Rhe8 27. a4 Re2 28. Rb1 Qe5 29. h4 Rc8 30. Qd3 Re1+ 31. Rxe1 Qxe1+ 32. Kh2 Rc1 33. Qxh7 Bc8 34. g4 Qe5 35. Kg3 Rc4 36. Qh6 Rxa4 37. h5 Ne8 38. Bf3 Rb4 39. b3 a5 40. d6 Be6 41. Bc6 Nxd6 42. Qf8+ 0-1